000 00448nam a22001577a 4500
005 20240115081323.0
008 231102b |||||||| |||| 00| 0 eng d
041 _aEnglish
082 _a346.6 LAW
100 _lEnglish
245 _aLaw of 15 June 2004 Relating to the Venture Capital Investment Company
260 _c2009
300 _b119 pages ;
_c24 cm.
650 _aLegal practice
_bLaw
942 _cBK
_6ALISON_BN_VRIES
999 _c250
_d250